| 000 | 00781nam a2200193Ii 4500 | ||
|---|---|---|---|
| 003 | JO-AjNU | ||
| 008 | 230605s9999||||xx |||||||||||||| ||und|| | ||
| 040 |
_aJO-AjNU _bara _erda _cJO-AjNU |
||
| 041 | _aara | ||
| 050 | 1 | 4 | _aD38.4.A2.R52 1979 |
| 100 | 3 |
_aتأليف رضا، محمد؛ تنقيح عبدالحميد الاحدب, _eauthor _962070 |
|
| 245 | 0 | 0 | _aابو بكر الصديق اول الخلفاء الراشدين |
| 264 | 3 | 1 | _aبيروت: دار الكتب العلمية، 1979 |
| 300 |
_a215ص _b ويحتوي على قائمة مراجع وببلوغرافيا من ص210-ص215 |
||
| 336 |
_atext _btxt _2rdacontent |
||
| 337 |
_aunmediated _bn _2rdamedia |
||
| 338 |
_avolume _bnc _2rdacarrier |
||
| 650 | 4 |
_aالخلفاء الراشدون-تراجم _962071 |
|
| 999 |
_aA28088 _c31656 _d31656 |
||